Sports Quiz

Random Sports or Soccer Quiz
Score 0/92 Timer 20:00
0 Plays Today
Club Answer % Correct
Arsenal Thierry Henry
90.9%
Everton Dixie Dean
72.7%
Manchester UnitedSir Bobby Charlton
68.2%
Tottenham HotspurJimmy Greaves
63.6%
Newcastle UnitedJackie Milburn
47.7%
Bolton Wanderers Nat Lofthouse
45.5%
Preston North EndTom Finney
45.5%
Chelsea Bobby Tambling
38.6%
LiverpoolRoger Hunt
38.6%
Cardiff CityLen Davies
36.4%
FulhamGordon Davies
36.4%
Hartlepool UnitedKen Johnson
31.8%
Leeds UnitedJohn Charles
31.8%
Mansfield TownHarry Johnson
31.8%
Sheffield UnitedHarry Johnson
31.8%
West Bromwich AlbionTony Brown
29.5%
Wolverhampton WanderersSteve Bull
29.5%
Ipswich TownRay Crawford
27.3%
SouthamptonMick Channon
27.3%
WatfordLuther Blissett
27.3%
Yeovil TownDave Taylor
25%
WalsallColin Taylor
25%
Sheffield WednesdayAndrew Wilson
22.7%
Bradford CityBobby Campbell
20.5%
MillwallNeil Harris
20.5%
Plymouth ArgyleSammy Black
20.5%
PortsmouthPeter Harris
20.5%
West Ham UnitedVic Watson
20.5%
Derby County Steve Bloomer
18.2%
Brighton & Hove AlbionTommy Cook
15.9%
Middlesbrough George Camsell
15.9%
Club Answer % Correct
Nottingham ForestGrenville Morris
15.9%
Peterborough UnitedJim Hall
15.9%
Swindon TownHarry Morris
15.9%
York CityNorman Wilkinson
15.9%
Cheltenham TownDave Lewis
13.6%
Colchester UnitedMartyn King
13.6%
Leyton OrientTommy Johnston
13.6%
Manchester CityEric Brook
13.6%
Bristol CityJohn Atyeo
11.4%
Burton AlbionRichie Barker
11.4%
Shrewsbury TownArthur Rowley
11.4%
Aston VillaHarry Hampton
9.1%
Crawley TownMatt Tubbs
9.1%
Crystal PalacePeter Simpson
9.1%
Bristol RoversGeoff Bradford
9.1%
Birmingham CityJoe Bradford
9.1%
AFC WimbledonKevin Cooper
9.1%
Newport CountyCraig Reid
9.1%
SunderlandCharlie Buchan
9.1%
Torquay UnitedSammy Collins
9.1%
Wigan Athletic Andy Liddell
9.1%
Accrington StanleyPaul Mullin
6.8%
Blackburn RoversSimon Garner
6.8%
BuryCraig Madden
6.8%
Charlton Athletic Stuart Leary
6.8%
Wycombe WanderersMark West
6.8%
Leicester CityArthur Chandler
6.8%
Oxford UnitedGraham Atkinson
6.8%
Stoke CityFreddie Steele
6.8%
Swansea CityIvor Allchurch
6.8%
BarnsleyErnest Hine
4.5%
Club Answer % Correct
Chesterfield Ernie Moss
4.5%
Crewe AlexandraBert Swindells
4.5%
Dagenham & RedbridgeDanny Shipp
4.5%
Doncaster RoversTom Keetley
4.5%
Exeter CityTony Kellow
4.5%
GillinghamBrian Yeo
4.5%
Huddersfield TownJimmy Glazzard
4.5%
Hull CityChris Chilton
4.5%
AFC Bournemouth Ron Eyre
4.5%
MK DonsIzale McLeod
4.5%
Oldham AthleticRoger Palmer
4.5%
Port ValeWilf Kirkham
4.5%
Queens Park RangersGeorge Goddard
4.5%
ReadingRonnie Blackman
4.5%
Rotherham UnitedGladstone Guest
4.5%
Scunthorpe UnitedSteve Cammack
4.5%
Tranmere RoversIan Muir
4.5%
BlackpoolJimmy Hampson
2.3%
BrentfordJim Towers
2.3%
BurnleyGeorge Beel
2.3%
Carlisle UnitedJimmy McConnell
2.3%
Coventry CityClarrie Bourton
2.3%
Fleetwood TownNathan Pond
2.3%
MorecambeStewart Drummond
2.3%
Northampton TownJack English
2.3%
Norwich CityJohnny Gavin
2.3%
Notts CountyLes Bradd
2.3%
RochdaleReg Jenkins
2.3%
Southend UnitedRoy Hollis
2.3%
Stevenage Martin Gittings
2.3%
Remove Ads.
Support Sporcle.
Get the best of Sporcle when you Go Orange. This ad-free experience offers more features, more stats, and more fun while also helping to support Sporcle. Thank you for becoming a member.

You're not logged in!

Compare scores with friends on all Sporcle quizzes.
OR
Log In

Show Comments

Extras

Top Quizzes Today


Score Distribution

Your Account Isn't Verified!

In order to create a playlist on Sporcle, you need to verify the email address you used during registration. Go to your Sporcle Settings to finish the process.

Report this User

Report this user for behavior that violates our Community Guidelines.

Details: